Malé státy a jejich konceptualizace: skládání puzzle

Problematika malých štátov a špecifiká ich zahraničnej politiky.

Gespeichert in:
Bibliographische Detailangaben
1. Verfasser: Druláková, Radka
Format: Buchkapitel
Sprache:Tschechisch
Schlagworte:
Tags: Tag hinzufügen
Keine Tags, Fügen Sie das erste Tag hinzu!

MARC

LEADER 00000naa a2200000 4500
001 0191161
005 20220713130732.6
041 0 |a cze 
044 |a CZ 
245 1 0 |a Malé státy a jejich konceptualizace: skládání puzzle  |c Radka Druláková 
520 |a Problematika malých štátov a špecifiká ich zahraničnej politiky. 
610 2 0 |a vzťahy medzinárodné 
610 2 0 |a politika zahraničná 
610 2 0 |a suverenita 
610 2 0 |a štát 
100 1 |a Druláková, Radka